000 002370000a22000970004500
100 1 _aHill, Jo
245 1 0 _aLast change summit : World leaders must act now
300 _aNum. 19 (2002), Páginas 18-20
773 0 _tTeartimes
942 _cANA
999 _c55968
_d55968